| 000 | 00481cam a2200193ua 4500 | ||
|---|---|---|---|
| 041 |
_aeng _h |
||
| 082 |
_a581.2 _bPAT/FU |
||
| 100 | _aPathak, V N . | ||
| 245 |
_aFundamentals of plant pathology / _cV N Pathak. _hTextual Documents |
||
| 250 |
_a1 / _b. |
||
| 260 |
_a : _bAgro botanical publishers , _c1996. |
||
| 300 | _a356 ; . | ||
| 500 | _a**Reference | ||
| 504 | _a | ||
| 700 | 1 | _aKhatri, N K . | |
| 700 | 1 | _aPathak, Manish . | |
| 942 | _cBK | ||
| 999 |
_c10181 _d10181 |
||